Programming Languages (Record no. 5659)
[ view plain ]
| 000 -LEADER | |
|---|---|
| fixed length control field | 00353nam a2200145Ia 4500 |
| 008 - FIXED-LENGTH DATA ELEMENTS--GENERAL INFORMATION | |
| fixed length control field | 191201s2009 xx 000 0 und d |
| 082 ## - DEWEY DECIMAL CLASSIFICATION NUMBER | |
| Classification number | 005.133 |
| Item number | PRP |
| 100 ## - MAIN ENTRY--PERSONAL NAME | |
| Personal name | Pratt, Terrance W |
| 245 #0 - TITLE STATEMENT | |
| Title | Programming Languages |
| 250 ## - EDITION STATEMENT | |
| Edition statement | Rep |
| 260 ## - PUBLICATION, DISTRIBUTION, ETC. (IMPRINT) | |
| Place of publication, distribution, etc | N.Delhi |
| Name of publisher, distributor, etc | Pearson Education |
| Date of publication, distribution, etc | 2009 |
| 300 ## - PHYSICAL DESCRIPTION | |
| Extent | 590 |
| 650 ## - SUBJECT ADDED ENTRY--TOPICAL TERM | |
| Topical term or geographic name as entry element | B.Tech(CSE) |
| 942 ## - ADDED ENTRY ELEMENTS (KOHA) | |
| Source of classification or shelving scheme | Dewey Decimal Classification |
| Koha item type | Text Books |
| 942 ## - ADDED ENTRY ELEMENTS (KOHA) | |
| -- | 205 |
| Withdrawn status | Lost status | Source of classification or shelving scheme | Damaged status | Not for loan | Collection code | Home library | Current library | Date acquired | Source of acquisition | Cost, normal purchase price | Bill Number | Total Checkouts | Full call number | Acc. no. / Barcode | Date last seen | Date last borrowed | Bill Date | Koha item type | Checked out |
|---|---|---|---|---|---|---|---|---|---|---|---|---|---|---|---|---|---|---|---|
| Dewey Decimal Classification | B.Tech(CSE) | PIET C-LIBRARY | PIET C-LIBRARY | 09/05/2013 | IBH, New Delhi | 499.00 | 1021 | 18 | 005.133 PRP | 21918 | 14/01/2025 | 09/01/2025 | 06/05/2013 | Text Books | |||||
| Dewey Decimal Classification | B.Tech(CSE) | PIET C-LIBRARY | PIET C-LIBRARY | 09/05/2013 | IBH, New Delhi | 499.00 | 1021 | 21 | 005.133 PRP | 21919 | 14/01/2025 | 09/01/2025 | 06/05/2013 | Text Books | |||||
| Dewey Decimal Classification | B.Tech(CSE) | PIET C-LIBRARY | PIET C-LIBRARY | 09/05/2013 | IBH, New Delhi | 499.00 | 1021 | 18 | 005.133 PRP | 21920 | 14/01/2025 | 09/01/2025 | 06/05/2013 | Text Books | |||||
| Dewey Decimal Classification | B.Tech(CSE) | PIET C-LIBRARY | PIET C-LIBRARY | 09/05/2013 | IBH, New Delhi | 499.00 | 1021 | 11 | 005.133 PRP | 21921 | 20/12/2023 | 18/09/2023 | 06/05/2013 | Text Books | |||||
| Dewey Decimal Classification | B.Tech(CSE) | PIET C-LIBRARY | PIET C-LIBRARY | 09/05/2013 | IBH, New Delhi | 499.00 | 1021 | 7 | 005.133 PRP | 21922 | 20/01/2023 | 05/01/2023 | 06/05/2013 | Text Books | |||||
| Dewey Decimal Classification | B.Tech(CSE) | PIET C-LIBRARY | PIET C-LIBRARY | 09/05/2013 | IBH, New Delhi | 499.00 | 1021 | 10 | 005.133 PRP | 21923 | 04/12/2024 | 20/11/2024 | 06/05/2013 | Text Books | |||||
| Dewey Decimal Classification | B.Tech(CSE) | PIET C-LIBRARY | PIET C-LIBRARY | 09/05/2013 | IBH, New Delhi | 499.00 | 1021 | 19 | 005.133 PRP | 21924 | 14/01/2025 | 09/01/2025 | 06/05/2013 | Text Books | |||||
| Dewey Decimal Classification | B.Tech(CSE) | PIET C-LIBRARY | PIET C-LIBRARY | 09/05/2013 | IBH, New Delhi | 499.00 | 1021 | 22 | 005.133 PRP | 21925 | 14/01/2025 | 09/01/2025 | 06/05/2013 | Text Books | |||||
| Dewey Decimal Classification | B.Tech(CSE) | PIET C-LIBRARY | PIET C-LIBRARY | 09/05/2013 | IBH, New Delhi | 499.00 | 1021 | 10 | 005.133 PRP | 21926 | 06/11/2023 | 04/10/2023 | 06/05/2013 | Text Books | |||||
| Dewey Decimal Classification | B.Tech(CSE) | PIET C-LIBRARY | PIET C-LIBRARY | 09/05/2013 | IBH, New Delhi | 499.00 | 1021 | 17 | 005.133 PRP | 21927 | 16/12/2024 | 05/12/2024 | 06/05/2013 | Text Books | |||||
| Dewey Decimal Classification | B.Tech(CSE) | PIET C-LIBRARY | PIET C-LIBRARY | 09/05/2013 | IBH, New Delhi | 499.00 | 1021 | 10 | 005.133 PRP | 21928 | 29/12/2023 | 04/09/2023 | 06/05/2013 | Text Books | |||||
| Dewey Decimal Classification | B.Tech(CSE) | PIET C-LIBRARY | PIET C-LIBRARY | 09/05/2013 | IBH, New Delhi | 499.00 | 1021 | 16 | 005.133 PRP | 21929 | 14/01/2025 | 09/01/2025 | 06/05/2013 | Text Books | |||||
| Dewey Decimal Classification | B.Tech(CSE) | PIET C-LIBRARY | PIET C-LIBRARY | 09/05/2013 | IBH, New Delhi | 499.00 | 1021 | 20 | 005.133 PRP | 21930 | 14/01/2025 | 09/01/2025 | 06/05/2013 | Text Books | |||||
| Dewey Decimal Classification | B.Tech(CSE) | PIET C-LIBRARY | PIET C-LIBRARY | 09/05/2013 | IBH, New Delhi | 499.00 | 1021 | 16 | 005.133 PRP | 21931 | 18/01/2025 | 30/08/2024 | 06/05/2013 | Text Books | |||||
| Dewey Decimal Classification | B.Tech(CSE) | PIET C-LIBRARY | PIET C-LIBRARY | 09/05/2013 | IBH, New Delhi | 499.00 | 1021 | 13 | 005.133 PRP | 21932 | 17/01/2025 | 09/01/2025 | 06/05/2013 | Text Books | |||||
| Dewey Decimal Classification | B.Tech(CSE) | PIET C-LIBRARY | PIET C-LIBRARY | 09/05/2013 | IBH, New Delhi | 499.00 | 1021 | 20 | 005.133 PRP | 21933 | 14/01/2025 | 09/01/2025 | 06/05/2013 | Text Books | |||||
| Dewey Decimal Classification | B.Tech(CSE) | PIET C-LIBRARY | PIET C-LIBRARY | 09/05/2013 | IBH, New Delhi | 499.00 | 1021 | 17 | 005.133 PRP | 21934 | 17/01/2025 | 09/01/2025 | 06/05/2013 | Text Books | |||||
| Dewey Decimal Classification | B.Tech(CSE) | PIET C-LIBRARY | PIET C-LIBRARY | 09/05/2013 | IBH, New Delhi | 499.00 | 1021 | 7 | 005.133 PRP | 21935 | 29/08/2022 | 29/08/2022 | 06/05/2013 | Text Books | 27/02/2023 | ||||
| Dewey Decimal Classification | B.Tech(CSE) | PIET C-LIBRARY | PIET C-LIBRARY | 09/05/2013 | IBH, New Delhi | 499.00 | 1021 | 18 | 005.133 PRP | 21936 | 17/01/2025 | 09/01/2025 | 06/05/2013 | Text Books | |||||
| Dewey Decimal Classification | B.Tech(CSE) | PIET C-LIBRARY | PIET C-LIBRARY | 09/05/2013 | IBH, New Delhi | 499.00 | 1021 | 15 | 005.133 PRP | 21937 | 27/11/2024 | 13/11/2024 | 06/05/2013 | Text Books |